[Event "ROM-ch U10"]
[Site "Baile Felix"]
[Date "2017.02.09"]
[Round "9"]
[White "Szabo, Tamas1111"]
[Black "Grosu, Albert Constantin"]
[Result "0-1"]
[WhiteElo "1038"]
[BlackElo "1064"]
[PlyCount "136"]
[EventDate "2017.02.02"]
[EventType "swiss"]
[EventRounds "9"]
[EventCountry "ROU"]
[SourceTitle "CBM 176 Extra"]
[Source "ChessBase"]
[SourceDate "2017.03.02"]
[SourceVersion "1"]
[SourceVersionDate "2017.03.02"]
[SourceQuality "1"]

1. e4 c5 2. c3 e6 3. Nf3 d6 4. d4 cxd4 5. cxd4 Be7 6. Nc3 Nf6 7. Bd3 a6 8. Be3 b5 9. 0-0 Bb7 10. Qc2 Nbd7 11. h3 Rc8 12. Rfe1 b4 13. Rac1 bxc3 14. bxc3 Nb6 15. Rb1 Nfd7 16. a4 Qc7 17. Ng5 h6 18. Nf3 Nc4 19. Bxc4 Qxc4 20. Rxb7 Qc6 21. Rbb1 0-0 22. Rec1 Rb8 23. Rxb8 Rxb8 24. Rb1 Rc8 25. Rb3 Nf6 26. a5 Qa4 27. Ne1 Qxa5 28. Qb2 Nxe4 29. Rb8 Rxb8 30. Qxb8+ Qd8 31. Qxd8+ Bxd8 32. c4 Bb6 33. f3 Nf6 34. Nd3 Nd7 35. c5 dxc5 36. dxc5 Ba7 37. Bf2 Nb8 38. Ne5 f6 39. Nc4 Nc6 40. Kf1 a5 41. Ke1 Kf7 42. Kd2 e5 43. Kc3 Ke6 44. Kb3 Kd5 45. g4 Bxc5 46. Bxc5 Kxc5 47. h4 Nd4+ 48. Kc3 Nxf3 49. Nxa5 Nxh4 50. Nb3+ Kd5 51. Nd2 g6 52. Nc4 f5 53. gxf5 gxf5 54. Nb6+ Kc6 55. Nc4 e4 56. Ne3 f4 57. Nd1 Kd5 58. Kd2 Kd4 59. Ke2 f3+ 60. Ke1 e3 61. Kf1 e2+ 62. Ke1 exd1Q+ 63. Kxd1 Ke3 64. Ke1 f2+ 65. Kf1 Nf5 66. Kg2 Ke2 67. Kh3 f1Q+ 68. Kg4 Qf3# 0-1

[Event "ROM-ch U08"]
[Site "Calimanesti Caciulata"]
[Date "2016.04.21"]
[Round "4"]
[White "Grosu, Albert Constantin"]
[Black "Antal, Magor Laszlo"]
[Result "1-0"]
[WhiteElo "1001"]
[BlackElo "1001"]
[PlyCount "53"]
[EventDate "2016.04.18"]
[EventType "swiss"]
[EventRounds "9"]
[EventCountry "ROU"]
[SourceTitle "CBM 172 Extra"]
[Source "ChessBase"]
[SourceDate "2016.06.21"]
[SourceVersion "1"]
[SourceVersionDate "2016.06.21"]
[SourceQuality "1"]

1. d4 d5 2. Bf4 Nf6 3. Nc3 a6 4. e3 Nc6 5. Bd3 Bg4 6. Nge2 Bxe2 7. Qxe2 e6 8. 0-0 Bb4 9. Qf3 0-0 10. a3 Bxc3 11. bxc3 h6 12. Rab1 b5 13. Qg3 Kh8 14. Bxc7 Qc8 15. Be5 Nxe5 16. dxe5 Nh5 17. Qg4 g6 18. Rb3 Qc7 19. f4 Rg8 20. Qf3 f5 21. g4 fxg4 22. Qxg4 Qc5 23. Re1 Qc8 24. Bxg6 Qc4 25. Qxh5 Ra7 26. Qxh6+ Rh7 27. Qxh7# 1-0